Brighton & Hove Albion Trivia - Statistics

General Stats
  • This quiz has been taken 678 times
    100 since last reset
  • The average score is 8 of 15
Answer Stats
Question Answer % Correct
What is Brighton & Hove Albion's nickname? The {Seagulls}
99%
What is the name of Brighton & Hove Albion's current stadium? Falmer Stadium
95%
Who is the current captain of Brighton & Hove Albion? Lewis Dunk
88%
Who is Brighton & Hove Albion's record sale, joining Chelsea for £100m in 2023? Moisés Caicedo
84%
With which club does Brighton & Hove Albion contest the M23 Derby? Crystal Palace
83%
Who is the current head coach of Brighton & Hove Albion? Fabian Hürzeler
81%
From 1997 until 2011, Brighton & Hove Albion went without a permanent what? Home ground
71%
Brighton & Hove Albion's best finish in the FA Cup was in 1983, when they were runners-up. Who beat them in the final? Manchester United
56%
Which manager guided Brighton & Hove Albion to promotion to the Premier League in 2017? Chris Hughton
53%
Which ground was the home of Brighton & Hove Albion for 95 years? Goldstone Ground
22%
Which legendary English manager was in charge of Brighton & Hove Albion from 1973-1974? Brian Clough
18%
Who is Brighton & Hove Albion's record signing, arriving from Leeds United for £42.5m in 2024? João Pedro
13%
Who is Brighton & Hove Albion's record goalscorer with 123 goals? Tommy Cook
9%
Who is Brighton & Hove Albion's record appearance-maker with 566 appearances? Ernie Wilson
5%
Who scored the goal that kept Brighton & Hove Albion in the Football League on the final day of the 1996/97 season? Robbie Reinelt
4%
No matching quizzes found
Score Distribution
Percent of People with Each Score
Percentile by Number Answered
Your Score History
You have not taken this quiz since the last reset